| 000 -LEADER |
| fixed length control field |
01718cam a2200457 a 4500 |
| 001 - CONTROL NUMBER |
| control field |
14899620 |
| 003 - CONTROL NUMBER IDENTIFIER |
| control field |
NUST |
| 005 - DATE AND TIME OF LATEST TRANSACTION |
| control field |
20191003114726.0 |
| 008 - FIXED-LENGTH DATA ELEMENTS--GENERAL INFORMATION |
| fixed length control field |
070621s2007 nyu 000 1 eng |
| 010 ## - LIBRARY OF CONGRESS CONTROL NUMBER |
| LC control number |
2007026031 |
| 020 ## - INTERNATIONAL STANDARD BOOK NUMBER |
| International Standard Book Number |
9780446577397 |
| 020 ## - INTERNATIONAL STANDARD BOOK NUMBER |
| International Standard Book Number |
0446577391 |
| 035 ## - SYSTEM CONTROL NUMBER |
| System control number |
(OCoLC)ocn153772808 |
| 035 ## - SYSTEM CONTROL NUMBER |
| System control number |
(OCoLC)153772808 |
| 038 ## - RECORD CONTENT LICENSOR |
| Staff Name |
waseem |
| 040 ## - CATALOGING SOURCE |
| Original cataloging agency |
DLC |
| Transcribing agency |
DLC |
| Modifying agency |
YDX |
| -- |
BTCTA |
| -- |
BAKER |
| -- |
IK2 |
| -- |
JTE |
| -- |
VP@ |
| -- |
DLC |
| 042 ## - AUTHENTICATION CODE |
| Authentication code |
lcac |
| 050 00 - LIBRARY OF CONGRESS CALL NUMBER |
| Classification number |
PS3552.A446 |
| Item number |
S76 2007 |
| 082 00 - DEWEY DECIMAL CLASSIFICATION NUMBER |
| Classification number |
813.54 |
| Author Mark |
BAL |
| 100 1# - MAIN ENTRY--PERSONAL NAME |
| Personal name |
Baldacci, David. |
| 9 (RLIN) |
6689 |
| 245 10 - TITLE STATEMENT |
| Title |
Stone cold / |
| Statement of responsibility, etc. |
David Baldacci. |
| 250 ## - EDITION STATEMENT |
| Edition statement |
1st ed. |
| 260 ## - PUBLICATION, DISTRIBUTION, ETC. |
| Place of publication, distribution, etc. |
New York : |
| Name of publisher, distributor, etc. |
Grand Central Pub., |
| Date of publication, distribution, etc. |
2007. |
| 300 ## - PHYSICAL DESCRIPTION |
| Extent |
388 p. ; |
| Dimensions |
24 cm. |
| 520 ## - SUMMARY, ETC. |
| Summary, etc. |
"Oliver Stone and the Camel Club are back in their most dangerous adventure yet, a war on two fronts"--Provided by the publisher. |
| 650 #0 - SUBJECT ADDED ENTRY--TOPICAL TERM |
| Topical term or geographic name entry element |
Stone, Oliver (Fictitious character) |
| Form subdivision |
Fiction. |
| 9 (RLIN) |
11673 |
| 650 #0 - SUBJECT ADDED ENTRY--TOPICAL TERM |
| Topical term or geographic name entry element |
Camel Club (Imaginary organization) |
| Form subdivision |
Fiction. |
| 9 (RLIN) |
11674 |
| 650 #0 - SUBJECT ADDED ENTRY--TOPICAL TERM |
| Topical term or geographic name entry element |
Secret societies |
| Form subdivision |
Fiction. |
| 9 (RLIN) |
5710 |
| 650 #0 - SUBJECT ADDED ENTRY--TOPICAL TERM |
| Topical term or geographic name entry element |
Swindlers and swindling |
| Form subdivision |
Fiction. |
| 9 (RLIN) |
22610 |
| 650 #0 - SUBJECT ADDED ENTRY--TOPICAL TERM |
| Topical term or geographic name entry element |
Casinos |
| Form subdivision |
Fiction. |
| 9 (RLIN) |
22611 |
| 650 #0 - SUBJECT ADDED ENTRY--TOPICAL TERM |
| Topical term or geographic name entry element |
Intelligence service |
| Form subdivision |
Fiction. |
| 9 (RLIN) |
11719 |
| 650 #0 - SUBJECT ADDED ENTRY--TOPICAL TERM |
| Topical term or geographic name entry element |
Murder |
| Form subdivision |
Fiction. |
| 9 (RLIN) |
22612 |
| 651 #0 - SUBJECT ADDED ENTRY--GEOGRAPHIC NAME |
| Geographic name |
Washington (D.C.) |
| Form subdivision |
Fiction. |
| 9 (RLIN) |
4575 |
| 655 #0 - INDEX TERM--GENRE/FORM |
| Genre/form data or focus term |
Political fiction. |
| 9 (RLIN) |
1074 |
| 655 #7 - INDEX TERM--GENRE/FORM |
| Genre/form data or focus term |
Suspense fiction. |
| Source of term |
gsafd |
| 9 (RLIN) |
4577 |
| 856 42 - ELECTRONIC LOCATION AND ACCESS |
| Materials specified |
Publisher description |
| Uniform Resource Identifier |
<a href="http://www.loc.gov/catdir/enhancements/fy0729/2007026031-d.html">http://www.loc.gov/catdir/enhancements/fy0729/2007026031-d.html</a> |
| 856 42 - ELECTRONIC LOCATION AND ACCESS |
| Materials specified |
Contributor biographical information |
| Uniform Resource Identifier |
<a href="http://www.loc.gov/catdir/enhancements/fy0742/2007026031-b.html">http://www.loc.gov/catdir/enhancements/fy0742/2007026031-b.html</a> |
| 906 ## - LOCAL DATA ELEMENT F, LDF (RLIN) |
| a |
7 |
| b |
cbc |
| c |
orignew |
| d |
1 |
| e |
ecip |
| f |
20 |
| g |
y-gencatlg |
| 942 ## - ADDED ENTRY ELEMENTS (KOHA) |
| Source of classification or shelving scheme |
|
| Koha item type |
Book |